000 03218nam a2200409 i 4500
003 DO-SdBNP
005 20250522132517.0
007 ta
008 250522b2024 dr ||||| |||| 00| 0 spa d
020 _a9789945603941
040 _aDO-SdBNP
_bspa
_cBNPHU
_erda
041 _aspa
082 4 _axxx
_bA717d
_222
100 1 _aAristy, Francisco A.
_eautor
_4aut.
_987772
245 1 4 _aDos temas :
_bel control de la corrupción y la privación de la libertad en el sistema penal dominicano /
_cFrancisco A. Aristy [y otros 8] ; presentación, Ramonina Brea del Castillo.
264 4 _aSanto Domingo, República Dominicana :
_bPontificia Universidad Católica Madre y Maestra, PUCMM,
_bCentro Universitario de Estudios Políticos y Sociales, CUEPS,
_c©2024.
300 _a514 páginas ;
_c23 cm.
336 _atexto
_btxt
_2rdacontent
337 _asin mediación
_bn
_2rdamedia
338 _avolumen
_bnc
_2rdacarrier
490 0 _aColección ciudadanía y políticas públicas
500 _aIncluye referencias bibliográficas y notas al pie de las páginas
500 _aIncluye bibliografía al final de los capítulos
500 _aIncluye notas sobre los autores
505 _aPresentación --
_tLos mecanismos de control de la corrupción y su eficacia --
_t1. El estatuto del controlador: radiografía critica de los órganos y mecanismos de control a la corrupción administrativa en la Constitución dominicana de 2010 /
_rPedro J. Castellanos Hernández --
_tII. El control interno: valoración critica del papel de la Contraloría General de la República /
_rThiaggo Marrero Peralta --
_tIII. El control externo: el peso específico de la Cámara de Cuentas /
_rPriscilla Camila Polanco --
_tIV. ¿Corrupción autorregulada? El combate a la corrupción desde el compliance corporativo aplicado a los sujetos privados en sus relaciones con el Estado /
_rTania De León --
_tLa privación de libertad en el sistema penal dominicano --
_t1. Dimensión constitucional del valor, principio y derecho a la libertas personal: fundamentos proyecciones y mecanismos de garantía /
_rPamela Delgado Jiménez --
_tII. La política criminal desde la judicatura: sobre la tensa relación entre la libertad y la interpretación judicial de la alarma social /
_rPaloma M. Fernández Gonzalo --
_tIII. El derecho a indemnización por el padecimiento de prisión preventiva injusta /
_rManuel A. Rodríguez --
_tIV. Libertad y reinserción social: consecuencias sistemáticas de una promesa incumplida /
_rVíctor Adriano León Morel --
_tV. Más allá de la cárcel: los derechos fundamentales de las personas privadas de libertad /
_rFrancisco A. Aristy
590 _aInventariado, 2025 /LP
700 1 _aCastellanos Hernández, Pedro J.
_eautor
_4aut.
_987858
700 1 _aDelgado Jiménez, Pamela
_eautor
_4aut.
_987859
700 1 _aFernández Gonzalo, Paloma M.
_eautor
_4aut.
_987860
700 1 _aDe León, Tania
_eautor
_4aut.
_987861
700 1 _aLeón Morel, Víctor Adriano
_eautor
_4aut.
_987862
700 1 _aMarrero Peralta, Thiaggo
_eautor
_4aut.
_981047
700 1 _aPolanco, Priscilla Camila
_eautor
_4aut.
_987863
700 1 _aRodríguez, Manuel Alejandro
_eautor
_4aut.
_981049
910 _aLP
942 _2ddc
_cLBS1
999 _c58588
_d58588